Riparian landscapes /

Guardado en:
Autor Principal: Malanson, George Patrick, 1950-
Formato: Libro
Idioma:English
Publicado: Cambridge ; New York : Cambridge University Press, c1993.
Series:Cambridge studies in ecology
Etiquetas: Agregar Etiqueta
Sin Etiquetas, Sea el primero en etiquetar este registro!
LEADER 00670cam a2200193 a 4500
001 EEA.libagro010106
005 20160923092933.0
008 920903s1993####enkab####b####001#0#eng##
010 |a  92030617  
020 |a 0521384311 
040 |a DLC  |c DLC  |d DLC 
082 0 4 |a 574.522 
100 1 |a Malanson, George Patrick,  |d 1950- 
245 1 0 |a Riparian landscapes /  |c George P. Malanson. 
260 |a Cambridge ;  |a New York :  |b Cambridge University Press,  |c c1993. 
300 |a 296 p. :  |b il., mapas ;  |c 23 cm. 
490 1 |a Cambridge studies in ecology 
504 |a Incluye referencias bibliográficas (p. [228]-286) e índice. 
859 |a AR-BbBCA  |b BIB. AGRONOMIA  |h 574.522  |i M237  |p 2014/6436